<?xml version="1.0" encoding="UTF-8"?>
<record
    xmlns:xsi="http://www.w3.org/2001/XMLSchema-instance"
    xsi:schemaLocation="http://www.loc.gov/MARC21/slim http://www.loc.gov/standards/marcxml/schema/MARC21slim.xsd"
    xmlns="http://www.loc.gov/MARC21/slim">

  <leader>01353nam a22001577a 4500</leader>
  <datafield tag="999" ind1=" " ind2=" ">
    <subfield code="c">530014</subfield>
    <subfield code="d">530014</subfield>
  </datafield>
  <controlfield tag="008">250521b           ||||| |||| 00| 0 eng d</controlfield>
  <datafield tag="100" ind1=" " ind2=" ">
    <subfield code="a">Walker, Lydia</subfield>
    <subfield code="9">53599</subfield>
  </datafield>
  <datafield tag="245" ind1=" " ind2=" ">
    <subfield code="a">From War to Intervention: The Korean war and the Neutral Nations Repatriation Commission</subfield>
  </datafield>
  <datafield tag="260" ind1=" " ind2=" ">
    <subfield code="a">U.S.I. Journal</subfield>
  </datafield>
  <datafield tag="300" ind1=" " ind2=" ">
    <subfield code="a">155(639), Jan-Mar, 2025: p.153-162</subfield>
  </datafield>
  <datafield tag="520" ind1=" " ind2=" ">
    <subfield code="a">In the Korean War's contested aftermath, a Neutral Nations Repatriation Commission (1953-54) handled the thorny issue of Prisoners of War who did not want to return to their own countries. General KS Thimayya, former Indian Chief of Army Staff, oversaw this prisoner exchange and resettlement program. His account of these events pinpointed how warfare had fundamentally changed since the World War II. In Korea, it was in neither side's best, long-term, and ideological interest to outright defeat ,disarm, and  occupy the other. Far from the unique, one-off experience it is so often portrayed, the Repatriation Commission showcased how the Korean War and its uneasy truce were a new type of international intervention, one where combatants sought victory without conquest.</subfield>
  </datafield>
  <datafield tag="650" ind1=" " ind2=" ">
    <subfield code="a">Neutral Nations Repatriation Commission (1953-54), Korean War, International invention, United Nations (UN), World War II.</subfield>
    <subfield code="9">53576</subfield>
  </datafield>
  <datafield tag="906" ind1=" " ind2=" ">
    <subfield code="a">UNITED NATIONS</subfield>
  </datafield>
  <datafield tag="942" ind1=" " ind2=" ">
    <subfield code="c">AR</subfield>
  </datafield>
  <datafield tag="952" ind1=" " ind2=" ">
    <subfield code="0">0</subfield>
    <subfield code="1">0</subfield>
    <subfield code="2">ddc</subfield>
    <subfield code="4">0</subfield>
    <subfield code="7">0</subfield>
    <subfield code="9">405211</subfield>
    <subfield code="a">IIPA</subfield>
    <subfield code="b">IIPA</subfield>
    <subfield code="d">2025-05-21</subfield>
    <subfield code="p">AR135843</subfield>
    <subfield code="r">2025-05-21</subfield>
    <subfield code="y">AR</subfield>
  </datafield>
</record>
